|
|
|
|
| LEADER |
01142nam a2200361 4500 |
| 001 |
DLU100113733 |
| 005 |
##20101130 |
| 008 |
##980804s2000 at a b 001 0 eng |
| 010 |
# |
# |
|a 98039721
|
| 020 |
# |
# |
|a 0830415351 (alk. paper)
|
| 035 |
# |
# |
|9 (DLC) 98039721
|
| 040 |
# |
# |
|a DLC
|c DLC
|d DLC
|
| 050 |
# |
# |
|a HB171.5
|b .P727 2000
|
| 082 |
# |
# |
|a 330
|b PR-A
|
| 100 |
# |
# |
|a Prigoff, Arline Wyner.
|
| 245 |
# |
# |
|a Economics for social workers :
|b social outcomes of economic globalization, with strategies for community action /
|c Arline Prigoff.
|
| 260 |
# |
# |
|a Australia ;
|a Belmont, CA, USA :
|b Brooks/Cole,
|c c2000.
|
| 300 |
# |
# |
|a xiv, 365 p. :
|b ill. ;
|c 23 cm.
|
| 504 |
# |
# |
|a Includes bibliographical references (p. 345-355) and indexes.
|
| 650 |
# |
# |
|a Economics.
|
| 650 |
# |
# |
|a International economic relations
|x Social aspects.
|
| 650 |
# |
# |
|a International trade
|x Social aspects.
|
| 650 |
# |
# |
|a Social service.
|
| 923 |
# |
# |
|a 12/2010
|
| 992 |
# |
# |
|a 2709525
|
| 994 |
# |
# |
|a DLU
|
| 900 |
# |
# |
|a True
|
| 911 |
# |
# |
|a Đào Thị Thu Huyền
|
| 925 |
# |
# |
|a G
|
| 926 |
# |
# |
|a A
|
| 927 |
# |
# |
|a SH
|
| 980 |
# |
# |
|a Thư viện Trường Đại học Đà Lạt
|